[Event "Andalucia-chB"]
[Site "Algeciras"]
[Date "2018.05.19"]
[Round "2"]
[White "Insua Conesa, Enrique"]
[Black "Martin Medinilla, Enrique G"]
[Result "1-0"]
[WhiteElo "1151"]
[BlackElo "1508"]
[PlyCount "97"]
[EventDate "2018.05.18"]
[EventType "swiss"]
[EventRounds "6"]
[EventCountry "ESP"]
[SourceTitle "EXT 2020"]
[Source "ChessBase"]
[SourceDate "2019.10.17"]
[SourceVersion "1"]
[SourceVersionDate "2019.10.17"]
[SourceQuality "1"]

1. c4 Nf6 2. Nc3 g6 3. g3 Bg7 4. Bg2 d6 5. d3 0-0 6. Nf3 Nc6 7. 0-0 e5 8. Rb1 Rb8 9. b4 Bd7 10. b5 Ne7 11. Be3 b6 12. Bg5 Qc8 13. Nd2 Re8 14. Re1 c6 15. a4 d5 16. Bxf6 Bxf6 17. bxc6 Bxc6 18. Nxd5 Nxd5 19. cxd5 Bb7 20. Qb3 Qd7 21. Rec1 Red8 22. e4 Bg5 23. Rd1 Kg7 24. Nc4 Bf6 25. Qb5 Qxb5 26. axb5 h6 27. Ra1 Ra8 28. Ra2 Rd7 29. Rda1 Bc8 30. Nxb6 axb6 31. Rxa8 Bb7 32. R8a7 Be7 33. Rc1 Bc5 34. Bh3 Rc7 35. d6 Bxf2+ 36. Kxf2 Rxc1 37. Rxb7 Rd1 38. d7 Rxd3 39. Be6 Kf6 40. Bxf7 Ke7 41. Be8 g5 42. Rxb6 Rd4 43. Rxh6 Rxe4 44. Kf3 Rd4 45. Rb6 Rd2 46. Rb8 Rxh2 47. d8Q+ Ke6 48. Rb6+ Kf5 49. Qf6# 1-0